000
00234nam a2200097Ia 4500
008
230508s1989 xx 000 0 und d
041
_a
eng
100
_a
HOUGEN & WATSON
245
_a
CHEMICAL PROCESS PRINCIPLES PART-I
260
_c
1989
999
_c
316275
_d
316275